00823nam a2200133Ia 4500008004100000050002200041100004600063245033400109260003800443300001800481700003500499710009000534710006500624120626s2019 mx 000 0 und d aT RC538bC77 2019 aCruz Martínez, Ana Paulinaesustentante aRelación entre los niveles de depresión y ansiedad en los adultos mayores de la Fundación Héctor Velez y la Rosa, y la percepción del funcionamiento de la familia con la que vive c/ tesis que para obtener el título de Licenciada en Psicología, presenta Ana Paulina Cruz Martínez ; asesora Ana Luisa Serna Uribe  aMéxicob: sin editorialc, 2019 a133 páginas aSerna Uribe, Ana Luisaeasesor aUniversidad Nacional Autónoma de México, einstitución que otorga el título.  aUniversidad Insurgentes Plantel Xola,e entidad participante